Widok standardowy
Widok MARC
Pozycja Corporate Name
Liczba rekordów, w których użyto hasła: 2
001 - Numer kontrolny
- control field: 15539
003 - Identyfikator numeru kontrolnego
- control field: OLSZT 008
005 - Data i czas ostatniej modyfikacji
- control field: 20240606220011.0
008 - Dane kontrolne kodowane (40 znaków)
- fixed length control field: 010312n||aa nnbabn |a ana |c
010 ## - Numer kontrolny Biblioteki Kongresu
- numer kontrolny LC: s 01352064
039 #9 -
- : 201505040009
- : VLOAD
- : 201504300022
- : VLOAD
- : 200205312028
- : load
040 ## - Instytucja sporządzająca rekord
- inst. przygot. dane do rek. khw: LUBL U/tsz
- inst. wprow. rek. khw: LUBL U
- inst. modyf. rek. khw: WA U/MM
110 2# - Hasło - nazwa ciała zbiorowego
- nazwa ciała zbior. lub geogr. na pocz.: Legiony Polskie
- określnik rzeczowy: historia.
999 ## -
- : VIRTUA10 y